MARC details
| 000 -CABECERA |
| campo de control de longitud fija |
02281cam a2200361 i 4500 |
| 001 - NÚMERO DE CONTROL |
| campo de control |
20436238 |
| 005 - FECHA Y HORA DE LA ÚLTIMA TRANSACCIÓN |
| campo de control |
20250319182009.0 |
| 008 - DATOS DE LONGITUD FIJA--INFORMACIÓN GENERAL |
| campo de control de longitud fija |
180409s2018 caua 6 000 1 eng |
| 010 ## - NÚMERO DE CONTROL DE LA BIBLIOTECA DEL CONGRESO |
| Número de control de LC |
2018015811 |
| 020 ## - NÚMERO INTERNACIONAL ESTÁNDAR DEL LIBRO |
| Número Internacional Estándar del Libro |
9781401278519 (hardback) |
| 040 ## - FUENTE DE LA CATALOGACIÓN |
| Centro catalogador/agencia de origen |
DLC |
| Lengua de catalogación |
eng |
| Centro/agencia transcriptor |
DLC |
| Normas de descripción |
rda |
| 041 ## - CÓDIGO DE LENGUA |
| Código de lengua del texto/banda sonora o título independiente |
English |
| 042 ## - CÃDIGO DE AUTENTICACIÃN |
| Código de autenticación |
pcc |
| 050 00 - SIGNATURA TOPOGRÁFICA DE LA BIBLIOTECA DEL CONGRESO |
| Número de clasificación |
PN6728.Z46 |
| Número de documento/Ítem |
J87 2018 |
| 100 ## - ENTRADA PRINCIPAL--NOMBRE DE PERSONA |
| Nombre de persona |
Jurgens, Dan |
| Término indicativo de función/relación |
writer |
| -- |
artist |
| 9 (RLIN) |
14246 |
| 245 10 - MENCIÓN DE TÍTULO |
| Título |
Zero hour |
| Resto del título |
: crisis in time |
| Mención de responsabilidad, etc. |
/ Dan Jurgens, writer ; Dan Jurgens, Jerry Ordway, Frank Fosco, Ken Branch, artists ; Gregory Wright, Stuart Chaifetz, colorists ; Gaspar, Starkings/Comicraft, letterers ; Dan Jurgens, Jerry Ordway & Brad Anderson, collection cover artists. |
| 264 #1 - PRODUCCIÓN, PUBLICACIÓN, DISTRIBUCIÓN, FABRICACIÓN Y COPYRIGHT |
| Producción, publicación, distribución, fabricación y copyright |
Burbank, CA : |
| Nombre del de productor, editor, distribuidor, fabricante |
DC Comics, |
| Fecha de producción, publicación, distribución, fabricación o copyright |
2018. |
| 300 ## - DESCRIPCIÓN FÍSICA |
| Extensión |
1 volume (various pagings) : |
| Otras características físicas |
chiefly color illustrations ; |
| Dimensiones |
27 cm |
| 500 ## - NOTA GENERAL |
| Nota general |
"Superman created by Jerry Siegel and Joe Shuster - Superboy created by Jerry Siegel, by special arrangement with the Jerry Siegel family - Supergirl based on the characters created by Jerry Siegel and Joe Shuster" |
| 500 ## - NOTA GENERAL |
| Nota general |
"Originally published in single magazine form in SHOWCASE '94 8, 9 and ZERO HOUR: CRISIS IN TIME 4-0."--Title page verso. |
| 520 ## - SUMARIO, ETC. |
| Sumario, etc. |
One of the most monumental crossovers in DC history is now collected in a brand-new hardcover with ZERO HOUR: CRISIS IN TIME! All of reality comes under attack when a mysterious force of entropy begins slowly erasing time itself--making its way from both the past and future toward the present! As history itself unravels around them, the heroes of the world--including Superman, Batman, Wonder Woman, The Flash, The Justice Society and the Titans--scramble to fix the broken timestream. But even if they stop the true source of the chaos, the world they save will never be the same! |
| 655 #0 - TÉRMINO DE INDIZACIÓN--GÉNERO/FORMA |
| Datos o término principal de género/forma |
Comic books, strips, etc. |
| 9 (RLIN) |
23850 |
| 700 ## - ENTRADA AGREGADA--NOMBRE PERSONAL |
| Nombre de persona |
Ordway, Jerry |
| Término indicativo de función/relación |
artist |
| 9 (RLIN) |
24464 |
| 700 ## - ENTRADA AGREGADA--NOMBRE PERSONAL |
| Nombre de persona |
Fosco, Frank |
| Término indicativo de función/relación |
artist |
| 9 (RLIN) |
24934 |
| 700 ## - ENTRADA AGREGADA--NOMBRE PERSONAL |
| Nombre de persona |
Branch, Ken |
| Término indicativo de función/relación |
artist |
| 9 (RLIN) |
24935 |
| 700 ## - ENTRADA AGREGADA--NOMBRE PERSONAL |
| Nombre de persona |
Wright, Gregory |
| Término indicativo de función/relación |
colorist |
| 9 (RLIN) |
24692 |
| 700 ## - ENTRADA AGREGADA--NOMBRE PERSONAL |
| Nombre de persona |
Chaifetz, Stuart |
| Término indicativo de función/relación |
colorist |
| 9 (RLIN) |
24936 |
| 700 ## - ENTRADA AGREGADA--NOMBRE PERSONAL |
| Nombre de persona |
Saladino, Gaspar |
| Término indicativo de función/relación |
letterer |
| 9 (RLIN) |
24937 |
| 700 ## - ENTRADA AGREGADA--NOMBRE PERSONAL |
| Nombre de persona |
Starkings, Richard |
| Término indicativo de función/relación |
letterer |
| 9 (RLIN) |
24938 |
| 700 ## - ENTRADA AGREGADA--NOMBRE PERSONAL |
| Nombre de persona |
Anderson, Brad |
| Término indicativo de función/relación |
artist |
| 9 (RLIN) |
24939 |
| 710 ## - ENTRADA AGREGADA--NOMBRE DE ENTIDAD CORPORATIVA |
| Nombre de entidad corporativa o nombre de jurisdicción como elemento de entrada |
Comicraft (Firm) |
| Término indicativo de función/relación |
letterer |
| 9 (RLIN) |
24940 |
| 942 ## - ELEMENTOS DE ENTRADA AGREGADA (KOHA) |
| Fuente del sistema de clasificación o colocación |
Clasificación de Library of Congress |